Entry Nombre personal
Number of records used in: 152
001 - NÚMERO DE CONTROL
- campo de control: 7018
003 - IDENTIFICADOR DEL NÚMERO DE CONTROL
- campo de control: BNPHU
005 - FECHA Y HORA DE LA ÚLTIMA TRANSACCIÓN
- campo de control: 20250226115304.0
008 - DATOS DE LONGITUD FIJA
- campo de control de longitud fija: 200615|| aca||aabn | a|a d
010 ## - NÚMERO DE CONTROL DE LA BIBLIOTECA DEL CONGRESO
- Número de control de LC: n 80117206
040 ## - FUENTE DE LA CATALOGACIÓN
- Centro catalogador/agencia de origen: DO-SdBNP
- Lengua de catalogación: spa
- Centro/agencia transcriptor: BNPHU
- Normas de descripción: rda
046 ## - FECHAS CON CODIFICACIÓN ESPECIAL
- Fecha de nacimiento: 1946-
100 1# - ENCABEZAMIENTO-NOMBRE DE PERSONA
- Nombre de persona: Alcántara Almánzar, José
- Fechas asociadas al nombre: 1946-
370 ## - LUGAR ASOCIADO
- Lugar de nacimiento: Santo Domingo (República Dominicana)
373 ## - GRUPO ASOCIADO
- Grupo asociado: Instituto Tecnológico de Santo Domingo
374 ## - OCUPACIÓN
- Ocupación: Profesor universitario
375 ## - GÉNERO/SEXO
- Género/Sexo: Masculino
377 ## - LENGUA/LENGUAJE ASOCIADO
- Código del idioma: spa
- Término de lengua/lenguaje: Español
400 1# - TRAZADO DE VÉASE--NOMBRE DE PERSONA
- Nombre de persona: Almánzar, José Alcántara,
- Fechas asociadas al nombre: 1946-
670 ## - FUENTE DE DATOS ENCONTRADOS
- Cita de la fuente: Work cat.: (OSt)2041: Machado de Sosa, Sinthia 7014, Conozcamos nuestro dinero /, 2005.
670 ## - FUENTE DE DATOS ENCONTRADOS
- Cita de la fuente: Su Antología de la literatura dominicana, 1972.
670 ## - FUENTE DE DATOS ENCONTRADOS
- Cita de la fuente: El sabor de lo prohibido, 1993:
- Información encontrada: Contracubierta (José Alcántara Almánzar); (n. 02-05-46, Santo Domingo, República Dominicana; Profesor Coordinador del Área "Hombre y Sociedad", Instituto Tecnológico de Santo Domingo (INTEC))
670 ## - FUENTE DE DATOS ENCONTRADOS
- Identificador Uniforme del Recurso: https://authorities.loc.gov/cgi-bin/Pwebrecon.cgi?AuthRecID=2841129&v1=1&HC=1&SEQ=20250226113941&PID=B_7FlEM5afqjOe_867GFBf4QU8g3 Consultado en 26 de febrero, 2025
